[Event "Fortaleza Schoonenborch U1900 4th"]
[Site "Fortaleza"]
[Date "2017.02.11"]
[Round "4.9"]
[White "Santos, Inacio Eduardo Andr"]
[Black "De Aguiar, Andre Wescley"]
[Result "1/2-1/2"]
[WhiteElo "1759"]
[BlackElo "1487"]
[PlyCount "106"]
[EventDate "2017.02.09"]
[EventType "swiss"]
[EventRounds "6"]
[EventCountry "BRA"]
[SourceTitle "EXT 2022"]
[Source "ChessBase"]
[SourceDate "2021.10.06"]
[SourceVersion "1"]
[SourceVersionDate "2021.10.06"]
[SourceQuality "1"]

1. e4 c5 2. Bc4 e6 3. Nf3 Nc6 4. c3 g6 5. d4 cxd4 6. cxd4 d5 7. exd5 exd5 8. Bb3 Bg7 9. 0-0 Nge7 10. Re1 0-0 11. Bg5 h6 12. Bh4 Be6 13. Nc3 g5 14. Bg3 Nf5 15. Ne2 Qb6 16. Be5 Bxe5 17. Nxe5 Nxe5 18. dxe5 Rad8 19. Qd3 d4 20. Bc2 Qa6 21. Qxa6 bxa6 22. Bd3 Rd5 23. f4 Ne3 24. g3 f6 25. exf6 Rxf6 26. Rac1 Rd7 27. Nxd4 Rxd4 28. Rxe3 gxf4 29. gxf4 Rdxf4 30. Rg3+ Rg4 31. Bc4 Rxg3+ 32. hxg3 Bxc4 33. Rxc4 Kg7 34. b4 Rb6 35. a4 Kf7 36. Kf2 Re6 37. Kf3 Rd6 38. g4 Kg6 39. Ke4 Re6+ 40. Kd5 Rf6 41. Rc6 Rxc6 42. Kxc6 Kg5 43. Kb7 Kxg4 44. Kxa7 h5 45. b5 axb5 46. axb5 h4 47. b6 h3 48. b7 h2 49. b8Q h1Q 50. Qg8+ Kf4 51. Qf7+ Kg3 52. Qg6+ Kf4 53. Qf6+ Ke3 1/2-1/2

[Event "Fortaleza Schoonenborch U2000"]
[Site "Fortaleza"]
[Date "2016.02.14"]
[Round "6"]
[White "Santos, Inacio Eduardo Andr"]
[Black "Nogueira, Jorge da Silva"]
[Result "0-1"]
[WhiteElo "1778"]
[BlackElo "1656"]
[PlyCount "98"]
[EventDate "2016.02.11"]
[EventType "swiss"]
[EventRounds "6"]
[EventCountry "BRA"]
[SourceTitle "CBM 170 Extra"]
[Source "ChessBase"]
[SourceDate "2016.02.25"]
[SourceVersion "1"]
[SourceVersionDate "2016.02.25"]
[SourceQuality "1"]

1. e4 e6 2. d4 d5 3. e5 a6 4. Nf3 c5 5. c3 Nc6 6. Be3 Qb6 7. Qc2 Bd7 8. Nbd2 Rc8 9. dxc5 Bxc5 10. Bxc5 Qxc5 11. Nb3 Qb6 12. a3 Nge7 13. Bd3 Ng6 14. Bxg6 fxg6 15. 0-0 0-0 16. Qd1 Ne7 17. Nbd4 Nf5 18. Qd2 Qd8 19. Rac1 Nh4 20. Qg5 Nxf3+ 21. Nxf3 Qe8 22. Qg3 h6 23. Nd4 g5 24. Rcd1 Qg6 25. Rd3 Rf7 26. f4 Rcf8 27. Rdf3 g4 28. h3 h5 29. Kh2 Kh7 30. Rh1 gxf3 31. Qxg6+ Kxg6 32. Nxf3 Rxf4 33. Kg3 Re4 34. Rd1 Re2 35. b3 Bc6 36. Nd4 Re3+ 37. Kh2 Rxc3 38. Nxe6 Rf2 39. Nd4 h4 40. e6 Kf6 41. Kg1 Rf4 42. Ne2 Rxb3 43. Nxf4 Rxa3 44. Rd4 Ke5 45. Ne2 Ra2 46. Nc3 Rxg2+ 47. Kxg2 Kxd4 48. Ne2+ Ke3 49. Nc1 d4+ 0-1

[Event "Fortaleza Cearense Cup"]
[Site "Fortaleza"]
[Date "2015.12.13"]
[Round "5"]
[White "Correia, Aristoteles de Jesu"]
[Black "Santos, Inacio Eduardo Andr"]
[Result "0-1"]
[WhiteElo "1729"]
[BlackElo "1774"]
[PlyCount "64"]
[EventDate "2015.12.10"]
[EventType "swiss"]
[EventRounds "6"]
[EventCountry "BRA"]
[SourceTitle "EXT 2017"]
[Source "ChessBase"]
[SourceDate "2016.10.25"]
[SourceVersion "1"]
[SourceVersionDate "2016.10.25"]
[SourceQuality "1"]

1. e4 g6 2. d4 d6 3. c4 Bg7 4. Nc3 e5 5. d5 Nf6 6. f3 Nbd7 7. Be3 0-0 8. Qd2 a5 9. Nge2 Ne8 10. Bg5 Ndf6 11. h4 c6 12. h5 Qb6 13. hxg6 fxg6 14. Bh6 Rf7 15. Bxg7 Rxg7 16. g3 Rf7 17. Bh3 Nc7 18. Ng1 Nh5 19. Bxc8 Nxg3 20. Na4 Qa7 21. c5 Rxc8 22. Rh3 Nh5 23. dxc6 dxc5 24. cxb7 Rcf8 25. Nc3 Nf4 26. Rh1 c4 27. Kd1 Nd3 28. Kc2 Qxb7 29. Rb1 Ne6 30. Nce2 Nb4+ 31. Kc1 Nxa2+ 32. Kc2 Qb3# 0-1

[Event "Fortaleza zt CE"]
[Site "Fortaleza"]
[Date "2015.05.22"]
[Round "1"]
[White "Donato, Murillo Vernillo"]
[Black "Santos, Inacio Eduardo Andr"]
[Result "0-1"]
[WhiteElo "1448"]
[BlackElo "1783"]
[PlyCount "116"]
[EventDate "2015.05.22"]
[EventType "swiss"]
[EventRounds "5"]
[EventCountry "BRA"]
[SourceTitle "CBM 166 Extra"]
[Source "ChessBase"]
[SourceDate "2015.06.18"]
[SourceVersion "1"]
[SourceVersionDate "2015.06.18"]
[SourceQuality "1"]

1. d4 g6 2. e4 d6 3. Nf3 Bg7 4. Be2 Nf6 5. Nc3 0-0 6. 0-0 Nbd7 7. Bf4 Nh5 8. Be3 e5 9. d5 Nhf6 10. Qd2 Ng4 11. Bg5 f6 12. Bh4 Nh6 13. h3 a6 14. Rad1 Qe8 15. Kh1 Kh8 16. Rg1 Nf7 17. g4 g5 18. Bg3 Nh6 19. Nh2 Qg6 20. f3 b5 21. a3 Bb7 22. Nf1 Rad8 23. Ne3 Nc5 24. Nf5 Nxf5 25. gxf5 Qh5 26. Kh2 Bh6 27. f4 Qf7 28. fxe5 dxe5 29. Bf2 Qe7 30. h4 Rg8 31. Rh1 Qf8 32. Qe3 Nd7 33. Qh3 b4 34. Nb1 Nc5 35. Bf3 g4 36. Bxc5 Qxc5 37. Bxg4 Bf4+ 38. Kg2 Qxc2+ 39. Kf1 Qxe4 40. Bf3 Qc4+ 41. Be2 Qe4 42. Nd2 Bxd2 43. Rxd2 Qf4+ 44. Ke1 Rg3 45. Qf1 Qe3 46. Rd3 Qc1+ 47. Rd1 Qxb2 48. axb4 Qxb4+ 49. Kf2 Qf4+ 50. Bf3 Qxf3+ 51. Ke1 Qc3+ 52. Rd2 Rxd5 53. Qe2 Re3 54. Qxe3 Qxe3+ 55. Re2 Qc1+ 56. Kf2 Qxh1 57. Re1 Rd2+ 58. Re2 Qh2+ 0-1

[Event "Capablanca Memorial op 25th"]
[Site "Fortaleza"]
[Date "2010.11.22"]
[Round "4.8"]
[White "Brandao, Marcius Gomes"]
[Black "Santos, Inacio Eduardo Andr"]
[Result "1-0"]
[WhiteElo "1983"]
[BlackElo "1869"]
[PlyCount "107"]
[EventDate "2010.11.19"]
[EventType "swiss"]
[EventRounds "7"]
[EventCountry "BRA"]
[SourceTitle "EXT 2022"]
[Source "ChessBase"]
[SourceDate "2021.10.06"]
[SourceVersion "1"]
[SourceVersionDate "2021.10.06"]
[SourceQuality "1"]

1. d4 Nf6 2. Nf3 g6 3. Bf4 d6 4. e3 Bg7 5. h3 0-0 6. Be2 Nbd7 7. 0-0 b6 8. c4 Bb7 9. Nc3 Ne4 10. Qc2 f5 11. Ng5 Nxg5 12. Bxg5 h6 13. Bf4 e5 14. dxe5 Nxe5 15. Rad1 Qe7 16. Nd5 Qf7 17. Bxe5 Bxe5 18. b4 c6 19. Nc3 Qf6 20. Rc1 g5 21. f4 gxf4 22. exf4 Bd4+ 23. Kh2 Rae8 24. Bh5 Re3 25. Ne2 c5 26. Nxd4 cxd4 27. Bf3 Be4 28. Qd2 Re8 29. Rcd1 Rd3 30. Qe2 Rxd1 31. Rxd1 Re7 32. Qb2 Bxf3 33. gxf3 Re3 34. Qxd4 Re2+ 35. Kg3 Qxd4 36. Rxd4 Re6 37. Rd5 Rf6 38. a4 Kf7 39. a5 Ke6 40. axb6 axb6 41. Rb5 Kd7 42. Rxb6 Rf8 43. c5 dxc5 44. bxc5 Rc8 45. Rd6+ Ke7 46. Rd5 Kf6 47. h4 h5 48. Kf2 Rc6 49. Ke3 Re6+ 50. Kd4 Re1 51. c6 Kg6 52. c7 Rd1+ 53. Ke5 Rc1 54. Kd6 1-0

[Event "Brazil Xadrez Brasil op"]
[Site "Brazil"]
[Date "2010.11.14"]
[Round "5"]
[White "Santos, Inacio Eduardo Andr"]
[Black "De Oliveira, Maicon Almeida"]
[Result "0-1"]
[WhiteElo "1611"]
[BlackElo "1972"]
[PlyCount "104"]
[EventDate "2010.11.12"]
[EventType "swiss"]
[EventRounds "7"]
[EventCountry "BRA"]
[SourceTitle "EXT 2013"]
[Source "ChessBase"]
[SourceDate "2012.11.22"]
[SourceVersion "1"]
[SourceVersionDate "2012.11.22"]
[SourceQuality "1"]

1. e4 c5 2. Nf3 d6 3. d4 cxd4 4. Nxd4 Nf6 5. Nc3 a6 6. Be2 e5 7. Nb3 Be7 8. 0-0 0-0 9. f4 Nc6 10. Be3 b5 11. a3 Bb7 12. Bf3 exf4 13. Bxf4 Ne5 14. Bxe5 dxe5 15. Qe1 Qb6+ 16. Kh1 Rfd8 17. Rd1 Rxd1 18. Nxd1 Rd8 19. Nc3 Qc7 20. h3 b4 21. axb4 Bxb4 22. Qe3 Bxc3 23. bxc3 h6 24. Rd1 Rxd1+ 25. Bxd1 Nxe4 26. Bf3 Ng3+ 27. Kg1 Bxf3 28. gxf3 Qxc3 29. Qxc3 Ne2+ 30. Kf2 Nxc3 31. Ke3 Kf8 32. Nc5 Nd5+ 33. Kd2 Nc7 34. Nd7+ Ke7 35. Nxe5 Kf6 36. Nc4 Kg5 37. Ke3 Kh4 38. Nd6 Kxh3 39. Nxf7 Kg3 40. Nd6 g6 41. Ne4+ Kg2 42. Nc5 h5 43. Kf4 h4 44. Nd3 h3 45. Ne1+ Kf2 46. Nd3+ Kg1 47. Kg3 h2 48. Nf2 h1Q 49. Nxh1 Kxh1 50. Kf2 Kh2 51. c4 a5 52. Ke3 Kg3 0-1